| 000 | 006830000a22002290004500 | ||
|---|---|---|---|
| 003 | LK-CoMWRAF | ||
| 005 | 20231115092417.0 | ||
| 008 | 230817t1985 ||||| |||| 00| 0 eng d | ||
| 020 | _a0292755295 | ||
| 040 |
_aLK-CoMWRAF _dLK-CoMWRAF _eLK-CoMWRAF |
||
| 041 | _aeng | ||
| 082 |
_a305.4 _bWOM |
||
| 245 |
_aWomen and the Family in the Middle East: _bNew Voices of Change |
||
| 260 |
_aAustin; _bUniversity of Texas Press, _c1985 |
||
| 300 | _axii, 356 p. ; 24 cm. | ||
| 650 | _aWOMEN-Arab counries | ||
| 650 | _aFamilies--Arab countries. | ||
| 650 | _aWomen--Iran. | ||
| 650 | _aSocial life and customs-Arab countries | ||
| 700 |
_aFernea, Elizabeth Warnock _eed. |
||
| 942 | _cBK | ||
| 999 |
_c16 _d16 |
||